000
00227nam a2200097Ia 4500
005
20251222114410.0
008
251222s1900||||xx |||||||||||||| ||spa||
082
_a
DVD0092/G26/2010
245
0
_a
San José de Calasanz:
942
_c
DVD
999
_c
2014
_d
2014